250 Artists by Their Songs - Statistics

General Stats
  • This quiz has been taken 234 times
  • The average score is 86 of 250
Answer Stats
Song Artist % Correct
Dancing Queen ABBA
97%
Billie Jean Michael Jackson
91%
Bohemian Rhapsody Queen
89%
Smells Like Teen Spirit Nirvana
86%
Like a Virgin Madonna
85%
In Da Club 50 Cent
84%
Stayin' Alive Bee Gees
83%
Livin' On a Prayer Bon Jovi
83%
Yesterday The Beatles
83%
The Real Slim Shady Eminem
82%
Hotel California Eagles
81%
Purple Rain Prince
81%
Viva la Vida Coldplay
80%
Another Brink in the Wall Pink Floyd
80%
T.N.T. AC/DC
79%
Paint It, Black The Rolling Stones
79%
Africa Toto
79%
Hello Adele
78%
Dream On Aerosmith
77%
Born in the USA Bruce Springsteen
77%
Bad Romance Lady Gaga
77%
Wonderwall Oasis
77%
Crocodile Rock Elton John
76%
Stairway to Heaven Led Zeppelin
76%
Creep Radiohead
74%
Zombie The Cranberries
74%
Enter Sandman Metallica
73%
Losing My Religion R.E.M.
73%
Barbie Girl Aqua
72%
Gangnam Style PSY
72%
Never Gonna Give You Up Rick Astley
72%
Uptown Girl Billy Joel
71%
Californication Red Hot Chili Peppers
71%
Roxanne The Police
70%
I Will Always Love You Whitney Houston
70%
House of the Rising Sun The Animals
69%
Welcome to the Jungle Guns N' Roses
68%
With or Without You U2
68%
Last Christmas Wham!
68%
U Can't Touch This MC Hammer
66%
YMCA Village People
66%
Like a Rolling Stone Bob Dylan
65%
What a Wonderful World Louis Armstrong
65%
Sweet Home Alabama Lynyrd Skynyrd
62%
Eye of the Tiger Survivor
62%
Seven Nation Army The White Stripes
62%
Walk Like an Egyptian The Bangles
61%
Paranoid Black Sabbath
60%
Purple Haze Jimi Hendrix
60%
The Sound of Silence Simon & Garfunkel
60%
London Calling The Clash
60%
Call Me Blondie
59%
Johnny B. Goode Chuck Berry
59%
Get Lucky Daft Punk
59%
Heroes David Bowie
59%
Radioactive Imagine Dragons
59%
These Boots Are Made for Walkin' Nancy Sinatra
59%
Song 2 Blur
58%
A Little Less Conversation Elvis Presley
58%
Basket Case Green Day
58%
I Was Made for Lovin' You Kiss
58%
Blinding Lights The Weeknd
58%
Numb Linkin Park
57%
Jump Van Halen
57%
I'm a Believer The Monkees
56%
Rebel Yell Billy Idol
54%
(Don't Fear) The Reaper Blue Oyster Cult
54%
Money for Nothing Dire Straits
54%
Oh, Pretty Woman Roy Orbison
54%
Baba O'Riley The Who
54%
Fortunate Son Creedence Clearwater Revival
53%
No Sleep Till Brooklyn Beastie Boys
52%
Bring Me to the Life Evanescence
52%
Strangers in the Night Frank Sinatra
52%
Summertime Sadness Lana Del Rey
50%
Englishman in New York Sting
50%
You Really Got Me The Kinks
50%
Three Little Birds Bob Marley
49%
Holding Out for a Hero Bonnie Tyler
49%
God Save the Queen Sex Pistols
49%
All Star Smash Mouth
49%
We Built This City Starship
49%
Personal Jesus Depeche Mode
48%
Hallelujah Leonard Cohen
48%
Blitzkrieg Bop Ramones
48%
Psycho Killer Talking Heads
47%
Hit the Road, Jack Ray Charles
46%
Super Freak Rick James
46%
Born to Be Wild Steppenwolf
46%
Poison Alice Cooper
44%
The End The Doors
44%
We're Not Gonna Take It Twisted Sister
44%
La Grange ZZ Top
44%
The Next Episode Dr. Dre
43%
Welcome to the Black Parade My Chemical Romance
43%
Video Killed the Radio Star The Buggles
43%
White Rabbit Jefferson Airplane
42%
Celebration Kool & the Gang
42%
Ace of Spades Motorhead
42%
Clint Eastwood Gorillaz
41%
Pumped Up Kicks Foster the People
40%
Hurt Nine Inch Nails
39%
Man in the Box Alice in Chains
38%
Blue Monday New Order
38%
Love Will Tear Us Apart Joy Division
37%
Kickstart My Heart Motley Crue
37%
Rock Around the Clock Bill Haley
36%
This Is America Childish Gambino
36%
God's Gonna Cut You Down Johnny Cash
36%
Rockstar Nickelback
36%
Killing In the Name Rage Against the Machine
36%
Whip It Devo
35%
Supermassive Black Hole Muse
35%
Pretty Fly (For a White Guy) The Offspring
35%
Holy Diver Dio
34%
The Power of Love Huey Lewis & the News
34%
Breaking the Law Judas Priest
34%
Gangsta Gangsta N.W.A
34%
The Trooper Iron Maiden
33%
American Woman The Guess Who
33%
How Soon Is Now? The Smiths
33%
Jump Around House of Pain
32%
The Court of the Crimson King King Crimson
32%
Keep On Loving You REO Speedwagon
32%
The Spirit of Radio Rush
32%
Wild World Cat Stevens
31%
Highway Star Deep Purple
31%
Rollin' Limp Bizkit
31%
Toxicity System of a Down
31%
Lust for Life Iggy Pop
30%
Aqualung Jethro Tull
30%
Time of the Season The Zombies
30%
Roundabout Yes
30%
A Forest The Cure
29%
Radar Love Golden Earring
28%
La Bamba Los Lobos
28%
Firestarter The Prodigy
28%
I Miss You blink-182
27%
Fight the Power Public Enemy
27%
Long Tall Sally Little Richard
26%
C.R.E.A.M. Wu-Tang Clan
26%
Funky Drummer James Brown
24%
Low Rider War
24%
Ruby Kaiser Chiefs
23%
Cum On Feel the Noize Slade
23%
Bad to the Bone George Thorogood
22%
Cowboys From Hell Pantera
22%
Duality Slipknot
21%
Rusty Cage Soundgarden
21%
Cat Scratch Fever Ted Nugent
21%
Lonely Boy The Black Keys
21%
I Wanna Be Your Dog The Stooges
20%
Dragula Rob Zombie
19%
(Keep Feeling) Fascination The Human League
19%
Golden Brown The Stranglers
19%
Peace Sells Megadeth
18%
I Just Want You Ozzy Osbourne
18%
Epic Faith No More
17%
Twisted Transistor Korn
17%
Hair of the Dog Nazareth
17%
Girl, You'll Be a Woman Soon Neil Diamond
17%
Rock Box Run-D.M.C.
17%
Angel of Death Slayer
17%
Madhouse Anthrax
16%
Been Caught Stealing Jane's Addiction
16%
Loca Shakira
16%
Ain't No Rest for the Wicked Cage the Elephant
15%
Holiday in Cambodia Dead Kennedys
15%
Cuban Pete Jim Carrey
15%
Hoochie Coochie Man Muddy Waters
15%
Old Yellow Bricks Arctic Monkeys
13%
Army of Me Bjork
13%
My Own Summer Deftones
13%
Through the Fire and Flames DragonForce
13%
C'mon Everybody Eddie Cochran
13%
Disco Inferno The Trammps
13%
I Hate Everything About You Three Days Grace
13%
Balls to the Wall Accept
12%
Obsession Animotion
12%
Bela Lugosi's Dead Bauhaus
11%
Pretend We're Dead L7
11%
In the Shadows The Rasmus
11%
Surfin' Bird The Trashmen
11%
Party Hard Andrew W.K.
10%
Dirty Love Frank Zappa
10%
Vicarious Tool
10%
Still Waiting Sum 41
9%
My Name is Mud Primus
8%
Kool Thing Sonic Youth
8%
Run Run Run The Velvet Underground
8%
Lady in Black Uriah Heep
8%
Come to Daddy Aphex Twin
7%
Who Do You Love Bo Diddley
7%
Sadness Enigma
7%
Ratamahatta Sepultura
7%
I've Seen Footage Death Grips
6%
Eighties Killing Joke
6%
Keep On Knocking The Cars
6%
Planet Rock Afrika Bambaataa
5%
Man or Animal Audioslave
5%
Ya Mama Fatboy Slim
5%
Nightcall Kavinsky
5%
Radioactivity Kraftwerk
5%
Return of the Warlord Manowar
5%
Straigh Edge Minor Threat
5%
Wishmaster Nightwish
5%
Fall Back Down Rancid
5%
I Put a Spell on You Screamin' Jay Hawkins
5%
Lazy Sunday Small Faces
5%
Mary Had a Little Lamb Stevie Ray Vaughan
5%
Pay to Cum Bad Brains
4%
N.W.O. Ministry
4%
Goodbye Horses Q Lazzarus
4%
Stalingrad Sabaton
4%
Goin' Out West Tom Waits
4%
You're a Woman Bad Boys Blue
3%
Nervous Breakdown Black Flag
3%
The Bard's Song Blind Guardian
3%
Lone Diggger Caravan Palace
3%
No Fronts Dog Eat Dog
3%
Pink Mist Gunship
3%
If I Could Fly Helloween
3%
Rumble Link Wray
3%
Chase the Devil Max Romeo
3%
The Cigarette Duet Princess Chelsea
3%
Give It All Rise Against
3%
Let Her Dance The Bobby Fuller Four
3%
Dust to Dust The Misfits
3%
Path Apocalyptica
2%
Switchback Celldweller
2%
Yummy, Yummy, Yummy Ohio Express
2%
Bad Town Operation Ivy
2%
Tiny Voices Bad Religion
1%
Deja Vu Dave Rodgers
1%
Get Up Action Digital Emotion
1%
Heaven or Hell Gamma Ray
1%
Virus KMFDM
1%
Slick Rick Lil Ugly Mane
1%
Breed to Breathe Napalm Death
1%
Blood Gets Thin Pete & the Pirates
1%
Late Goodbye Poets of the Fall
1%
Alternative The Exploited
1%
Conquest of Rar The Lounge Lizards
1%
Shadows The Midnight
1%
Have Love, Will Travel The Sonics
1%
Let's Submerge X-Ray Spex
1%
Defender As I Lay Dying
0%
Takedown Blue Stahli
0%
Karmara Molotov
0%
Parade Susumu Hirasawa
0%
No matching quizzes found
Score Distribution
Percent of People with Each Score
Percentile by Number Answered
Your Score History
You have not taken this quiz